<?xml version="1.0" encoding="UTF-8"?>
<collection xmlns="http://www.loc.gov/MARC21/slim">
 <record>
  <leader>02203nam a22003017a 4500</leader>
  <controlfield tag="001">NCT_4_016849</controlfield>
  <controlfield tag="008">250116b        xxu||||| |||| 00| 0 vie d</controlfield>
  <datafield tag="999" ind1=" " ind2=" ">
   <subfield code="c">8807</subfield>
   <subfield code="d">8807</subfield>
  </datafield>
  <datafield tag="020" ind1=" " ind2=" ">
   <subfield code="a">9786041224704</subfield>
   <subfield code="c">115000</subfield>
  </datafield>
  <datafield tag="082" ind1="0" ind2="4">
   <subfield code="2">23rd ed.</subfield>
   <subfield code="a">658.8</subfield>
   <subfield code="b">K87</subfield>
  </datafield>
  <datafield tag="100" ind1="1" ind2=" ">
   <subfield code="a">Kotler, Philip</subfield>
  </datafield>
  <datafield tag="245" ind1="1" ind2="0">
   <subfield code="a">Tiếp thị 4.0 :</subfield>
   <subfield code="b">Dịch chuyển từ Truyền thống sang Công nghệ số = Marketing 4.0 : Moving from traditional to digital</subfield>
   <subfield code="c">Philip Kotler, Hermawan Kartajaya, Iwan Setiawan ; Nguyễn Khoa Hồng Thành... (Dịch)</subfield>
  </datafield>
  <datafield tag="260" ind1=" " ind2=" ">
   <subfield code="a">Tp. Hồ Chí Minh</subfield>
   <subfield code="b">Nxb. Trẻ</subfield>
   <subfield code="c">2023</subfield>
  </datafield>
  <datafield tag="300" ind1=" " ind2=" ">
   <subfield code="a">262 tr.</subfield>
   <subfield code="b">Minh hoạ</subfield>
   <subfield code="c">21 cm</subfield>
  </datafield>
  <datafield tag="520" ind1="3" ind2=" ">
   <subfield code="a">Nội dung sách trình bày những kiến thức cơ bản về tiếp thị và những thay đổi trong tiếp thị từ truyền thống sang công nghệ số: những xu hướng cơ bản định hình tiếp thị, những mô hình mới cho tiếp thị trong nền kinh tế số, các chiến thuật tiếp thị áp dụng trong nền kinh tế số.</subfield>
  </datafield>
  <datafield tag="653" ind1=" " ind2=" ">
   <subfield code="a">Quản trị kinh doanh</subfield>
  </datafield>
  <datafield tag="700" ind1="1" ind2=" ">
   <subfield code="a">Setiawan, Iwan</subfield>
  </datafield>
  <datafield tag="700" ind1="1" ind2=" ">
   <subfield code="a">Kartajaya, Hermawan</subfield>
  </datafield>
  <datafield tag="700" ind1="1" ind2=" ">
   <subfield code="a">Nguyễn Khoa Hồng Thành</subfield>
   <subfield code="e">Dịch</subfield>
  </datafield>
  <datafield tag="700" ind1="1" ind2=" ">
   <subfield code="a">Nguyễn Quỳnh Như</subfield>
   <subfield code="e">Dịch</subfield>
  </datafield>
  <datafield tag="700" ind1="1" ind2=" ">
   <subfield code="a">Hoàng Thuỳ Minh Anh</subfield>
   <subfield code="e">Dịch</subfield>
  </datafield>
  <datafield tag="942" ind1=" " ind2=" ">
   <subfield code="2">ddc</subfield>
   <subfield code="c">BK</subfield>
  </datafield>
  <datafield tag="952" ind1=" " ind2=" ">
   <subfield code="0">0</subfield>
   <subfield code="1">0</subfield>
   <subfield code="2">ddc</subfield>
   <subfield code="4">0</subfield>
   <subfield code="6">658_800000000000000_K87</subfield>
   <subfield code="7">0</subfield>
   <subfield code="9">30296</subfield>
   <subfield code="a">000001</subfield>
   <subfield code="b">000001</subfield>
   <subfield code="d">2025-01-21</subfield>
   <subfield code="o">658.8 K87</subfield>
   <subfield code="p">MD.23385</subfield>
   <subfield code="r">2025-01-21</subfield>
   <subfield code="v">115000.00</subfield>
   <subfield code="w">2025-01-21</subfield>
   <subfield code="y">BK</subfield>
  </datafield>
  <datafield tag="952" ind1=" " ind2=" ">
   <subfield code="0">0</subfield>
   <subfield code="1">0</subfield>
   <subfield code="2">ddc</subfield>
   <subfield code="4">0</subfield>
   <subfield code="6">658_800000000000000_K87</subfield>
   <subfield code="7">0</subfield>
   <subfield code="9">30297</subfield>
   <subfield code="a">000001</subfield>
   <subfield code="b">000001</subfield>
   <subfield code="d">2025-01-21</subfield>
   <subfield code="o">658.8 K87</subfield>
   <subfield code="p">MD.23386</subfield>
   <subfield code="r">2025-01-21</subfield>
   <subfield code="v">115000.00</subfield>
   <subfield code="w">2025-01-21</subfield>
   <subfield code="y">BK</subfield>
  </datafield>
  <datafield tag="952" ind1=" " ind2=" ">
   <subfield code="0">0</subfield>
   <subfield code="1">0</subfield>
   <subfield code="2">ddc</subfield>
   <subfield code="4">0</subfield>
   <subfield code="6">658_800000000000000_K87</subfield>
   <subfield code="7">0</subfield>
   <subfield code="9">30298</subfield>
   <subfield code="a">000001</subfield>
   <subfield code="b">000001</subfield>
   <subfield code="d">2025-01-21</subfield>
   <subfield code="l">1</subfield>
   <subfield code="o">658.8 K87</subfield>
   <subfield code="p">MD.23387</subfield>
   <subfield code="r">2025-10-14</subfield>
   <subfield code="s">2025-10-07</subfield>
   <subfield code="v">115000.00</subfield>
   <subfield code="w">2025-01-21</subfield>
   <subfield code="y">BK</subfield>
  </datafield>
  <datafield tag="952" ind1=" " ind2=" ">
   <subfield code="0">0</subfield>
   <subfield code="1">0</subfield>
   <subfield code="2">ddc</subfield>
   <subfield code="4">0</subfield>
   <subfield code="6">658_800000000000000_K87</subfield>
   <subfield code="7">0</subfield>
   <subfield code="9">30299</subfield>
   <subfield code="a">000001</subfield>
   <subfield code="b">000001</subfield>
   <subfield code="d">2025-01-21</subfield>
   <subfield code="l">2</subfield>
   <subfield code="o">658.8 K87</subfield>
   <subfield code="p">MD.23388</subfield>
   <subfield code="r">2025-11-11</subfield>
   <subfield code="s">2025-11-01</subfield>
   <subfield code="v">115000.00</subfield>
   <subfield code="w">2025-01-21</subfield>
   <subfield code="y">BK</subfield>
  </datafield>
  <datafield tag="952" ind1=" " ind2=" ">
   <subfield code="0">0</subfield>
   <subfield code="1">0</subfield>
   <subfield code="2">ddc</subfield>
   <subfield code="4">0</subfield>
   <subfield code="6">658_800000000000000_K87</subfield>
   <subfield code="7">0</subfield>
   <subfield code="9">30300</subfield>
   <subfield code="a">000001</subfield>
   <subfield code="b">000001</subfield>
   <subfield code="d">2025-01-21</subfield>
   <subfield code="o">658.8 K87</subfield>
   <subfield code="p">MD.23389</subfield>
   <subfield code="r">2025-01-21</subfield>
   <subfield code="v">115000.00</subfield>
   <subfield code="w">2025-01-21</subfield>
   <subfield code="y">BK</subfield>
  </datafield>
  <datafield tag="980" ind1=" " ind2=" ">
   <subfield code="a">Thư viện Trường Đại học Nam Cần Thơ</subfield>
  </datafield>
 </record>
</collection>
